=LDR 00000nam 2200000 4500 =001 INLIS000000000030540 =005 20141122160750.0 =006 =007 =008 Ind =035 ##$$a 0010-061300000030540 =041 ##$$a Ind =082 ##$$a F Rom D =090 ##$$a F Rom D, Tem b =100 ##$$a Temperley, Alan =245 ##$$a Harry dan geng keriput berburu harta karun, Alan Temperley =260 ##$$a 2008 $b Jakarta =300 ##$$a 511 hlm, 21 cm =650 ##$$a Fiksi Dewasa =850 ##$$a NBPNMAT